Verification of a Central American peace accord /
Zapisane w:
| 1. autor: | |
|---|---|
| Format: | Nieznany |
| Język: | English |
| Wydane: |
Canadá :
Arms Control and Disarmament Division, Department of External Affairs
|
| Seria: | Arms Control Verification Occasional Papers;
n°2 |
| Hasła przedmiotowe: | |
| Etykiety: |
Dodaj etykietę
Nie ma etykietki, Dołącz pierwszą etykiete!
|
MARC
| LEADER | 00000 a2200000 04500 | ||
|---|---|---|---|
| 001 | 49269 | ||
| 003 | cru CIDCACS/IIS | ||
| 005 | 20190425111951.0 | ||
| 008 | 050611s1989 -cn eng d | ||
| 999 | |c 11847 |d 11847 | ||
| 020 | |a 0-662-16769-4 | ||
| 022 | |a 0-662-16769-4 | ||
| 040 | |c cru CIDCACS/IIS | ||
| 090 | |a 01.02.07 K64a 1989 | ||
| 100 | |a Klepak, H.P. | ||
| 245 | |a Verification of a Central American peace accord / |c H. P. Klepak | ||
| 260 | |a Canadá : |b Arms Control and Disarmament Division, Department of External Affairs | ||
| 300 | |a 78 páginas: |b tablas, fotos, mapa | ||
| 440 | |a Arms Control Verification Occasional Papers; |v n°2 | ||
| 650 | |a ACUERDOS DE PAZ | ||
| 650 | |a ACTIVIDAD MILITAR | ||
| 650 | |a FUERZAS ARMADAS | ||
| 650 | |a ESQUIPULAS II | ||
| 651 | |a AMERICA CENTRAL | ||
| 942 | |2 ddc |c LI | ||



